000 00583nam a2200229Ia 4500
005 20250425162649.0
008 250425s9999 xx 000 0 und d
020 _a9781456223960
041 _aspa
043 _amx
082 _a001.42
100 _aHERNÁNDEZ SAMPIERI, ROBERTO
245 0 _aMETODOLOGÍA DE LA INVESTIGACIÓN
250 _a6A ED.
260 _aMEXICO
260 _aMéxico
_bMC GRAW HILL EDUCATION
_c2014
300 _a600
650 _aMETODOLOGIA DE LA INVESTIGACION
650 _aMETODOLOGIA DE LA INVESTIGACION
942 _c01
010 _a95175
999 _c233915
_d233915